[Event "Steinfurt Bezirksklasse 0809"]
[Site "Germany"]
[Date "2009.03.07"]
[Round "5.3"]
[White "Bloemker, Stephan"]
[Black "Koelking, Helmut"]
[Result "0-1"]
[WhiteElo "1384"]
[BlackElo "1362"]
[PlyCount "86"]
[EventDate "2008.09.13"]
[EventType "team-tourn"]
[EventRounds "7"]
[EventCountry "GER"]
[SourceTitle "EXT 2010"]
[Source "ChessBase"]
[SourceDate "2010.11.25"]
[SourceVersion "1"]
[SourceVersionDate "2010.11.25"]
[SourceQuality "1"]
[WhiteTeam "Saerbeck III"]
[BlackTeam "Steinfurt IV"]
[WhiteTeamCountry "GER"]
[BlackTeamCountry "GER"]

1. d4 Nf6 2. c4 d6 3. Nc3 g6 4. Bg5 Bg7 5. e3 0-0 6. Nf3 c5 7. h3 b6 8. Be2 Bb7 9. 0-0 Nbd7 10. a3 cxd4 11. exd4 d5 12. Ne5 dxc4 13. Bxc4 Ne4 14. Nxf7 Rxf7 15. Bxf7+ Kxf7 16. Qf3+ Ndf6 17. Bxf6 Nxc3 18. Qxb7 Ne2+ 19. Kh1 Bxf6 20. d5 Kf8 21. Ra2 Qb8 22. Qxb8+ Rxb8 23. b3 Nc3 24. Rc2 Nxd5 25. Rfc1 Rb7 26. g3 Be5 27. Kg2 Bd6 28. a4 Bc5 29. Rc4 a5 30. Kf3 e6 31. g4 Rf7+ 32. Ke4 Rxf2 33. Rxc5 bxc5 34. Rxc5 Ke7 35. Rxa5 Kf6 36. Ra8 Rf4+ 37. Kd3 Rf3+ 38. Kc4 Ke5 39. a5 Rc3+ 40. Kb5 Nc7+ 41. Kb4 Rxb3+ 42. Kxb3 Nxa8 43. Ka4 Kd6 0-1

[Event "Steinfurt Bezirksliga 0607"]
[Site "Germany"]
[Date "2007.04.28"]
[Round "9.8"]
[White "Bloemker, Stephan"]
[Black "Boehlich, Daniel"]
[Result "1/2-1/2"]
[WhiteElo "1347"]
[BlackElo "1750"]
[PlyCount "46"]
[EventDate "2006.09.09"]
[EventType "team-tourn"]
[EventRounds "9"]
[EventCountry "GER"]
[SourceTitle "EXT 2008"]
[Source "ChessBase"]
[SourceDate "2007.11.25"]
[SourceVersion "1"]
[SourceVersionDate "2007.11.25"]
[SourceQuality "1"]
[WhiteTeam "Saerbeck II"]
[BlackTeam "Steinfurt II"]
[WhiteTeamCountry "GER"]
[BlackTeamCountry "GER"]

1. d4 c5 2. Nf3 cxd4 3. Nxd4 d5 4. Nc3 e5 5. Nf3 d4 6. Ne4 Qc7 7. Ng3 Nc6 8. e3 Bb4+ 9. Bd2 dxe3 10. fxe3 Qb6 11. Qe2 Bg4 12. 0-0-0 Bxd2+ 13. Rxd2 Nf6 14. Qb5 0-0 15. Qxb6 axb6 16. a3 Rad8 17. Rxd8 Rxd8 18. Bb5 Bxf3 19. gxf3 Kf8 20. Rg1 g6 21. Rd1 Rxd1+ 22. Kxd1 Nd5 23. Kd2 Ke7 1/2-1/2

[Event "Steinfurt Bezirksklasse 0607"]
[Site "Germany"]
[Date "2006.09.16"]
[Round "1.5"]
[White "Papasimakopoulos, Vasilios"]
[Black "Bloemker, Stephan"]
[Result "0-1"]
[WhiteElo "1122"]
[BlackElo "1389"]
[PlyCount "110"]
[EventDate "2006.09.30"]
[EventType "team-tourn"]
[EventRounds "7"]
[EventCountry "GER"]
[SourceTitle "EXT 2008"]
[Source "ChessBase"]
[SourceDate "2007.11.25"]
[SourceVersion "1"]
[SourceVersionDate "2007.11.25"]
[SourceQuality "1"]
[WhiteTeam "Nordwalde III"]
[BlackTeam "Saerbeck III"]
[WhiteTeamCountry "GER"]
[BlackTeamCountry "GER"]

1. d4 d5 2. c4 Nf6 3. Bg5 Bf5 4. e3 e6 5. c5 Nbd7 6. Nf3 Be7 7. Bb5 c6 8. Bd3 Bg6 9. Bxg6 hxg6 10. Nc3 Ne4 11. Bxe7 Qxe7 12. Qb3 Ndf6 13. Nxe4 Nxe4 14. 0-0 Qc7 15. Rfd1 f6 16. g3 0-0-0 17. a4 b6 18. cxb6 axb6 19. Nd2 Nd6 20. Rdc1 Rh5 21. Qc3 Kb7 22. a5 bxa5 23. Rxa5 Rhh8 24. Rc5 Rc8 25. Nb3 Nc4 26. Na5+ Nxa5 27. Rxa5 Ra8 28. Rc5 Ra6 29. b4 Rb6 30. h4 Rc8 31. Qc2 f5 32. Qa4 Ra6 33. Qb3 Rb6 34. Kf1 Qd6 35. R1c3 Qd7 36. Qc2 Rc7 37. Ke2 Qd6 38. Kd3 e5 39. b5 e4+ 40. Kd2 Rxb5 41. Rxb5+ cxb5 42. Qb3 Rxc3 43. Kxc3 Qc6+ 44. Kd2 Qc4 45. Qa3 b4 46. Qb2 Kb6 47. Qc2 Qxc2+ 48. Kxc2 Ka5 49. Kb2 Ka4 50. Ka2 b3+ 51. Kb2 Kb4 52. Kb1 Kc3 53. Kc1 b2+ 54. Kb1 Kb3 55. h5 gxh5 0-1

[Event "Steinfurt Bezirksklasse 0304"]
[Site "Germany"]
[Date "2003.12.06"]
[Round "4.7"]
[White "Altenaehr, Johannes"]
[Black "Bloemker, Stephan"]
[Result "1-0"]
[WhiteElo "1338"]
[BlackElo "1345"]
[PlyCount "143"]
[EventDate "2003.09.27"]
[EventType "team-tourn"]
[EventRounds "11"]
[EventCountry "GER"]
[SourceTitle "EXT 2005"]
[Source "ChessBase"]
[SourceDate "2004.11.15"]
[SourceVersion "1"]
[SourceVersionDate "2004.11.15"]
[SourceQuality "1"]
[WhiteTeam "Rheine CC"]
[BlackTeam "Saerbeck Falke III"]
[WhiteTeamCountry "GER"]
[BlackTeamCountry "GER"]

1. d4 d5 2. c4 e6 3. g3 Nf6 4. Bg2 Nc6 5. Nf3 Bb4+ 6. Bd2 Bxd2+ 7. Nbxd2 0-0 8. 0-0 Re8 9. Re1 e5 10. cxd5 Nxd5 11. e4 Nf6 12. d5 Nb4 13. Nc4 Bg4 14. Qb3 Bxf3 15. Bxf3 Na6 16. Qxb7 Qc8 17. Qxc8 Raxc8 18. d6 Re6 19. Red1 Rd8 20. dxc7 Rxd1+ 21. Rxd1 Nxc7 22. Rd8+ Re8 23. Rxe8+ Ncxe8 24. Nxe5 Nd6 25. Nc6 a6 26. e5 Nc4 27. exf6 Nxb2 28. fxg7 Kxg7 29. Na5 Nd3 30. Nb3 Kf6 31. Be4 Ne5 32. Bxh7 Nf3+ 33. Kg2 Ne1+ 34. Kf1 Nf3 35. h4 Nh2+ 36. Kg2 Ng4 37. Bd3 Ke5 38. Bxa6 Kd5 39. a4 Kc6 40. Bb5+ Kb6 41. Kf3 Ne5+ 42. Kf4 Ng6+ 43. Kf5 Ne7+ 44. Kf6 Nd5+ 45. Kxf7 Nc3 46. h5 Ne4 47. h6 Ka7 48. h7 Ng5+ 49. Kg6 Nxh7 50. Kxh7 Kb6 51. f4 Ka7 52. f5 Kb6 53. f6 Ka7 54. f7 Kb6 55. f8N Ka7 56. g4 Kb6 57. g5 Ka7 58. g6 Kb6 59. g7 Ka7 60. a5 Kb7 61. Kg6 Ka7 62. Kf6 Kb7 63. Ke6 Ka7 64. Kd6 Kb7 65. Ne6 Ka7 66. Nbc5 Ka8 67. g8Q+ Ka7 68. Qf7+ Kb8 69. Qe8+ Ka7 70. Qd7+ Kb8 71. Qc7+ Ka8 72. Qb7# 1-0